| 000 | 01299nam0a22003011 4500 | ||
|---|---|---|---|
| 001 | rc\4337387 | ||
| 005 | 20260406074708.0 | ||
| 021 |
_aRU _b[64-28286] |
||
| 035 | _a(NLR Aleph) 008521499 | ||
| 090 |
_a8231382 _c8231382 |
||
| 100 | _a20130416d1964 |||y0rusy50 ca | ||
| 101 | 1 |
_arus _cfre |
|
| 102 | _aRU | ||
| 105 | _aa z ||||| | ||
| 200 | 1 |
_aГаврош _e[Отрывок из романа "Отверженные" _fПер. с фр. и обработка для детей Н. Касаткиной] _gРис. Д. Дубинского |
|
| 210 |
_aМосква _cДет. лит. _d1964 |
||
| 215 |
_a48 с. _cил. _d22 |
||
| 225 | 1 |
_aШкольная библиотека _i[Для начальной школы] |
|
| 606 |
_aДети в Парижской Коммуне 1871 г. (д. л.) _2psbo |
||
| 700 | 1 |
_8rus _7ca _aГюго _bВ. _f1802-1885 _gВиктор _3RU\NLR\AUTH\7721605 _94666 |
|
| 702 | 1 |
_4730 _8rus _7ca _aКасаткина _bН. Г. _f1902-1985 _gНаталья Григорьевна _3RU\NLR\AUTH\7764533 _947462 |
|
| 702 | 1 |
_4440 _aДубинский _bД. А. _f1920-1960 _gДавид Александрович _3RU\NLR\AUTH\770151536 _9151498 |
|
| 801 | 0 |
_aRU _bNLR _gpsbo |
|
| 801 | 1 |
_aRU _bELAR _2rusmarc |
|
| 852 |
_aNLR _j64-6/4602 |
||
| 942 | _cBOOK | ||
| 980 | _aNB | ||